Powiaty województwa lubelskiego w 1968 roku na mapie - Statystyki

Ogólne statystyki
  • Ten quiz został rozwiązany 32 razy
    14 od ostatniego zresetowania
  • Średni wynik to 22 z 22
Odpowiedzi na mapie
Odpowiedzi zakodowano w zielono-czerwonej skali na mapie do tego quizu, zgodnie z poniższymi procentami.
 
Statystyki odpowiedzi
Powiat % Poprawnych
bialski
100%
biłgorajski
100%
chełmski
100%
hrubieszowski
100%
janowski
100%
kraśnicki
100%
krasnostawski
100%
lubartowski
100%
lubelski
100%
łukowski
100%
Miasto {Chełm}
100%
Miasto {Lublin}
100%
Miasto {Zamość}
100%
opolski
100%
parczewski
100%
puławski
100%
radzyński
100%
tomaszowski
100%
włodawski
100%
zamojski
100%
bełżycki
83%
bychawski
67%
Nie znaleziono quizów pasujących do podanych kryteriów
Rozkład punktacji
Procent ludzi z każdym wynikiem
Percentyl według liczby udzielonych odpowiedzi
Twoja historia wyników
Nie rozwiązałeś tego quizu od ostatniego zresetowania